000 00714nam a2200241 a 4500
008
020 _a043545014X (pbk.)
049 _aMAIN
090 _aHF5547.A3
100 1 _aCarysforth, Carol.
245 1 0 _aAdministration :
_bNVQ level 3, student handbook /
_cCarol Carysforth, Maureen Rawlinson.
260 _aOxford :
_bHeinemann ,
_cc1992.
300 _a540 p. ;
_c24 cm.
504 _aIncludes bibliographical references.
500 _aIncludes index.
650 _aOffice practice.
700 1 _aRawlinson, Maureen.
907 _a.b10073590
_b01-09-03
_c17-04-03
003
005 20230123133408.0
040 _cNUST
942 _cBOOKS
_kHF5547.A3
999 _c147849
_d147849